| 000 | 00412nam a22001697a 4500 | ||
|---|---|---|---|
| 005 | 20160521162146.0 | ||
| 008 | 160521b xxu||||| |||| 00| 0 eng d | ||
| 020 | _a978-81-203-3445-8 | ||
| 041 | _aeng | ||
| 082 | _b3973 | ||
| 100 |
_aPal Nabendu & Sarker S. _9992 |
||
| 245 | _aStatistics Concepts and applications | ||
| 260 |
_aNew Delhi _bPHI, |
||
| 300 | _a445 | ||
| 650 |
_aManagement _9241 |
||
| 942 | _cBK | ||
| 999 |
_c1352 _d1352 |
||